• 首页
  • 本馆介绍
  • 公告通知
  • 最新文献
  • 馆藏检索
  • 电子资源
  • 读者导购
  • 参考咨询
  • 我的图书馆
  • 登录
  • 详细信息显示
  • 放入我的书架
  • 预约/预借图书
  • 作者相关作品
  • 分类相关作品
  • 丛书相关作品
  • 出版社相关作品

书目信息

  • 表格格式
  • 工作单格式
  • 卡片格式
题名:
大案要案百例选编
    
 
作者: ;中共河北省纪委办公厅 编
分册:  
出版信息: [出版地不详]   [出版者不详]  1998
页数: 301页
开本: 20cm
丛书名:
单 册:
中图分类: D630.9
科图分类:
主题词: 廉政建设--中国 , 政治--中国
电子资源:
ISBN:
000 00675nam0 2200217 450
001 0762922514
005 20070804173221.62
010    @d[不详]
100    @a20070802d1998 km y0chiy0120 ea
101 0  @achi
102    @aCN
200 1  @a大案要案百例选编@Ada an yao an bai li xuan bian@f中共河北省纪委办公厅编@Fzhong gong he bei sheng ji wei ban gong ting bian
210    @a[出版地不详]@c[出版者不详]@d1998
215    @a301页@d20cm
300    @a内部资料
606 0  @a廉政建设@y中国
606 0  @a政治@x中国
690    @aD630.9@v3
711 02 @a中共河北省纪委办公厅@Azhong gong he bei sheng ji wei ban gong ting@4编
801  0 @aCN@bPFT@c20070804
905    @a10447@dD630.9@e128
    
    大案要案百例选编/中共河北省纪委办公厅编.-[出版地不详]:[出版者不详],1998
    301页;20cm
    内部资料
    
    ISBN :[不详]
    
●
相关链接 在E读中查询图书 在五车中查询图书 在当当中查询图书 在豆瓣中查询图书


正题名:大案要案百例选编     索取号:D630.9/128         预约/预借

序号 登录号 条形码 馆藏地/架位号 状态 备注
1 0784290   207842904   第一样本阅览室/ [索取号:D630.9/128] 在馆    
唐山师范学院图书馆 欢迎您!
大连网信软件有限公司© 版权所有